Learning teaching : a guidebook for English language teachers /

Kaydedildi:
Detaylı Bibliyografya
Yazar: Scrivener, Jim.
Materyal Türü: Kitap
Dil:English
Baskı/Yayın Bilgisi: London : Heinemann, 1994.
Konular:
Etiketler: Etiketle
Etiket eklenmemiş, İlk siz ekleyin!
Thư viện lưu trữ: Mạng thư viện Đại học Đà Nẵng
LEADER 01030nam a2200301 a 4500
001 000041960
003 4763
005 20200109155836.0
008 171030s1994
020 |a 0435240897 (pbk.) 
040 |a lnn  |c lnn  |d lnn 
041 0 |a eng 
082 1 4 |a 428.2407  |b SC-J 
100 1 |a Scrivener, Jim. 
245 0 0 |a Learning teaching :  |b a guidebook for English language teachers /  |c Jim Scrivener. 
260 |a London :  |b Heinemann,  |c 1994. 
300 |a 217p. :  |b ill. 
630 0 4 |a English language. 
650 0 4 |a English language  |x Study and teaching  |x Foreign speakers. 
OWN |a LNN 
AVA |a UDN50  |b LNN  |c English  |d 428.24 SC-J  |e available  |t Error 5001 Not defined in file expand_doc_bib_avail.  |f 1  |g 0  |h N  |i 0  |j AN  |k 1 
999 |a From the UDN01 
AVA |a UDN50  |b LNN  |c English  |d 428.24 SC-J  |e available  |t Error 5001 Not defined in file expand_doc_bib_avail.  |f 1  |g 0  |h N  |i 0  |j AN  |k 1 
TYP |a Monograph 
TYP |a Printed language 
980 |a Mạng thư viện Đại học Đà Nẵng